| 000 | 00720nam a22002417a 4500 | ||
|---|---|---|---|
| 005 | 20170124105916.0 | ||
| 010 | _aB-031114 | ||
| 020 |
_c650.00 _a8170002834 |
||
| 035 | _aB-031114 | ||
| 037 | _bCen Lib/Ret | ||
| 040 |
_aDPL _bEN |
||
| 082 |
_a025.1 _bPAL |
||
| 100 |
_aPaliwal, P. K. _9107400 |
||
| 245 |
_aCompedium of library administration / _cby P. K. Paliwal |
||
| 246 | _b | ||
| 260 |
_bEss Ess Publications _c2000 _aNew Delhi |
||
| 270 |
_b New Delhi _a4837/24, Ansari Road, Daryaganj _e110002 |
||
| 300 |
_avi, 303p. _c22cm(Hb) |
||
| 500 | _aIncludes index | ||
| 650 |
_aLibrary science _9107401 |
||
| 650 |
_aLibrary administration _92603 |
||
| 942 |
_2ddc _cEN _h025.1 _mPAL |
||
| 999 |
_c122835 _d122835 |
||